000 01104nam a2200229Ia 4500
003 Ost
005 20260507075342.0
008 260507s9999||||xx |||||||||||||| ||und||
020 _a54854499579
040 _cfsecg
041 _aara
082 _a330
100 _aخيري، أسامة محمد
_eمؤلف
245 0 _aإدارة الإبداع و الإبتكارات /
_c أسامة محمد خيري
260 _aعمان:
_bدار الراية للنشر والتوزيع,
_c2012
300 _a233 صفحة؛
_bإيضاحات ؛
_c24 سم
520 _aأساسيات الإدارة الناجحة- إدارةالإبداع- إدارة الإبتكار- المنظمات المتعلمة( الإبتكار والخبرة)- التفكير الإبداعي- الموهبة والذكاء- إدارة المعرفة والتغيير الجذري في الإبتكار والإبداع- التقنيات والإبتكارات التكنولوجيا الحديثة
653 _aالإبتكار
653 _aالإبداع
653 _aالإبداع- الإدارة
942 _cكتاب
999 _c44099
_d44099